[Event "La Roda op 50th"]
[Site "La Roda"]
[Date "2024.03.28"]
[Round "2"]
[White "Peralta, Fernando"]
[Black "Jimenez Villena, Francisco Jose"]
[Result "1-0"]
[WhiteElo "2580"]
[BlackElo "2074"]
[PlyCount "93"]
[EventDate "2024.03.27"]
[EventType "swiss"]
[EventRounds "9"]
[EventCountry "ESP"]
[SourceTitle "CBM 219 Extra"]
[Source "ChessBase"]
[SourceDate "2024.05.31"]
[SourceVersion "1"]
[SourceVersionDate "2024.05.31"]
[SourceQuality "1"]

1. d4 Nf6 2. c4 e6 3. Nc3 Bb4 4. e3 0-0 5. Bd3 d5 6. cxd5 exd5 7. a3 Bd6 8. Qc2 c6 9. Nge2 Re8 10. Bd2 Nbd7 11. 0-0 a5 12. f3 c5 13. Rad1 b6 14. Qc1 Ba6 15. Bxa6 Rxa6 16. Nb5 Bf8 17. Be1 Ra8 18. Nec3 Rc8 19. Qd2 cxd4 20. exd4 Nb8 21. Bh4 Rc6 22. Rfe1 Rce6 23. Rxe6 Rxe6 24. Bxf6 Rxf6 25. Qg5 Rd6 26. Qxd8 Rxd8 27. Na4 Nc6 28. Rc1 Ne7 29. Rc7 Nf5 30. Rc6 Re8 31. Kf2 Ne3 32. Nxb6 Nd1+ 33. Kg3 Nxb2 34. Nxd5 Rd8 35. Ndc3 f5 36. Kf4 g6 37. Ke3 Bh6+ 38. f4 Re8+ 39. Kd2 Rb8 40. g3 Bf8 41. Rc7 Na4 42. Nd5 Bg7 43. Ne7+ Kf8 44. Rc8+ Rxc8 45. Nxc8 Ke8 46. Kc2 Kd7 47. Kb3 1-0

[Event "ESP-ch 80th"]
[Site "Linares"]
[Date "2015.08.30"]
[Round "8"]
[White "Nieves Cabanes, Jose Manuel"]
[Black "Jimenez Villena, Francisco Jose"]
[Result "1/2-1/2"]
[WhiteElo "2211"]
[BlackElo "2116"]
[PlyCount "107"]
[EventDate "2015.08.23"]
[EventType "swiss"]
[EventRounds "9"]
[EventCountry "ESP"]
[SourceTitle "EXT 2016"]
[Source "ChessBase"]
[SourceDate "2015.10.08"]
[SourceVersion "1"]
[SourceVersionDate "2015.10.08"]
[SourceQuality "1"]

1. d4 Nf6 2. Nf3 e6 3. c4 c5 4. d5 exd5 5. cxd5 d6 6. Nc3 g6 7. Nd2 Bg7 8. e4 0-0 9. Be2 Re8 10. 0-0 Nbd7 11. a4 a6 12. Re1 h6 13. Qc2 Rb8 14. a5 Qc7 15. h3 b5 16. axb6 Nxb6 17. Nb3 c4 18. Na5 Bd7 19. Be3 Bb5 20. Nc6 Rb7 21. Nd4 Nbd7 22. f3 Nc5 23. Bf2 Nfd7 24. Ncxb5 axb5 25. Nc6 Ne5 26. Nb4 Ra7 27. Rxa7 Qxa7 28. f4 Ned7 29. Nc6 Qa2 30. e5 dxe5 31. fxe5 Qb3 32. Qxb3 Nxb3 33. e6 fxe6 34. dxe6 Ndc5 35. e7 Nd3 36. Rd1 Nxf2 37. Kxf2 Bf6 38. Rd5 Bxe7 39. Rxb5 Bh4+ 40. g3 Bxg3+ 41. Kxg3 Rxe2 42. Rb4 Rxb2 43. Rxc4 Nd2 44. Rd4 Nf1+ 45. Kf4 Rf2+ 46. Ke5 Kg7 47. Rd7+ Rf7 48. Rxf7+ Kxf7 49. Nd8+ Ke7 50. Nc6+ Kf7 51. Nd8+ Kg7 52. Ne6+ Kf7 53. Nd8+ Ke8 54. Nc6 1/2-1/2

[Event "ESP-ch 80th"]
[Site "Linares"]
[Date "2015.08.27"]
[Round "5"]
[White "Jimenez Villena, Francisco Jose"]
[Black "Perez Garcia, Alejandro"]
[Result "0-1"]
[WhiteElo "2116"]
[BlackElo "2264"]
[PlyCount "76"]
[EventDate "2015.08.23"]
[EventType "swiss"]
[EventRounds "9"]
[EventCountry "ESP"]
[SourceTitle "EXT 2016"]
[Source "ChessBase"]
[SourceDate "2015.10.08"]
[SourceVersion "1"]
[SourceVersionDate "2015.10.08"]
[SourceQuality "1"]

1. d4 Nf6 2. Nf3 d5 3. c4 c6 4. Nc3 dxc4 5. a4 Bf5 6. e3 e6 7. Bxc4 Bb4 8. 0-0 Nbd7 9. Qe2 0-0 10. Rd1 Qc7 11. e4 Bg6 12. e5 Nd5 13. Nxd5 cxd5 14. Bd3 Bxd3 15. Qxd3 Rac8 16. Bd2 Bxd2 17. Qxd2 Qc2 18. Rdc1 Qe4 19. Qb4 Qf4 20. Rc3 Nb6 21. g3 Qg4 22. a5 Rxc3 23. Qxc3 Nd7 24. h3 Qh5 25. a6 bxa6 26. Rxa6 f6 27. Rxa7 fxe5 28. Nxe5 Nxe5 29. dxe5 Qxh3 30. Qc7 Qg4 31. Qe7 Qd1+ 32. Kg2 Qf3+ 33. Kh3 Qh5+ 34. Kg2 Qxe5 35. Ra6 Qe4+ 36. Kh3 Qf5+ 37. Kh4 Qxf2 38. Qxe6+ Kh8 0-1

[Event "ESP-chT CECLUB Div2"]
[Site "Linares"]
[Date "2014.08.22"]
[Round "6.3"]
[White "Conde Abuin, Manuel"]
[Black "Jimenez Villena, Francisco Jose"]
[Result "0-1"]
[WhiteElo "2176"]
[BlackElo "2126"]
[PlyCount "80"]
[EventDate "2014.08.18"]
[EventType "team-swiss"]
[EventRounds "6"]
[EventCountry "ESP"]
[SourceTitle "CBM 162 Extra"]
[Source "ChessBase"]
[SourceDate "2014.10.17"]
[SourceVersion "1"]
[SourceVersionDate "2014.10.17"]
[SourceQuality "1"]
[WhiteTeam "Fontecarmoa CC"]
[BlackTeam "Totana"]
[WhiteTeamCountry "ESP"]
[BlackTeamCountry "ESP"]

1. e4 g6 2. d4 Bg7 3. Nc3 c6 4. Nf3 d6 5. Bd3 Bg4 6. Be3 Qb6 7. 0-0 Bxf3 8. Qxf3 Qxb2 9. Ne2 Qb6 10. Bc4 Nf6 11. e5 Nd5 12. Nc3 0-0 13. Rab1 Qd8 14. Nxd5 cxd5 15. Bxd5 Nc6 16. Rxb7 Na5 17. Rxe7 Qxe7 18. Bxa8 dxe5 19. dxe5 Nc4 20. Bf4 g5 21. Bc1 Nxe5 22. Qe4 f5 23. Bd5+ Kh8 24. Qe2 Re8 25. c4 f4 26. Qh5 Nd3 27. Bd2 Bd4 28. h4 Qe2 29. Be3 Qxh5 30. Bxd4+ Ne5 31. Re1 gxh4 32. c5 Kg7 33. c6 Kh6 34. c7 Nf3+ 35. Bxf3 Rxe1+ 36. Kh2 Qf5 37. Bxa7 Qc2 38. Bb6 Qb1 39. Kh3 Kg5 40. Be3 Rxe3 0-1

[Event "La Roda op 38th"]
[Site "La Roda"]
[Date "2011.04.21"]
[Round "2"]
[White "Khamrakulov, Ibragim S"]
[Black "Jimenez Villena, Francisco Jose"]
[Result "1-0"]
[WhiteElo "2495"]
[BlackElo "2198"]
[PlyCount "39"]
[EventDate "2011.04.20"]
[EventType "swiss"]
[EventRounds "9"]
[EventCountry "ESP"]
[SourceTitle "EXT 2012"]
[Source "ChessBase"]
[SourceDate "2011.11.24"]
[SourceVersion "1"]
[SourceVersionDate "2011.11.24"]
[SourceQuality "1"]

1. e4 g6 2. d4 Bg7 3. Nf3 c5 4. dxc5 Qa5+ 5. c3 Qxc5 6. Be3 Qc7 7. Na3 Nc6 8. Nb5 Qd8 9. Bc4 Nf6 10. e5 Ng4 11. Bxf7+ Kxf7 12. Ng5+ Kg8 13. Qxg4 Nxe5 14. Qe2 h6 15. Bd4 Nf7 16. Bxg7 Kxg7 17. Nxf7 Kxf7 18. 0-0-0 a6 19. Qc4+ e6 20. Nc7 1-0

[Event "Benidorm op U2300 09th"]
[Site "Benidorm"]
[Date "2010.12.07"]
[Round "6"]
[White "Acebal Muniz, Antonio"]
[Black "Jimenez Villena, Francisco Jose"]
[Result "1/2-1/2"]
[WhiteElo "2166"]
[BlackElo "2236"]
[PlyCount "21"]
[EventDate "2010.12.03"]
[EventType "swiss"]
[EventRounds "10"]
[EventCountry "ESP"]
[SourceTitle "CBM 139 Extra"]
[Source "ChessBase"]
[SourceDate "2011.01.05"]
[SourceVersion "1"]
[SourceVersionDate "2011.01.05"]
[SourceQuality "1"]

1. Nf3 d5 2. d4 Nf6 3. c4 c6 4. Nc3 a6 5. cxd5 cxd5 6. Bg5 Ne4 7. Bf4 Nc6 8. e3 e6 9. Bd3 f5 10. Ne5 Bd6 11. 0-0 1/2-1/2

[Event "ESP-chT CECLUB Sur Div 1"]
[Site "Burguillos"]
[Date "2007.08.25"]
[Round "5"]
[White "Jimenez Villena, Francisco Jose"]
[Black "Gonzalez Somoza, Oliver"]
[Result "0-1"]
[WhiteElo "2275"]
[BlackElo "2343"]
[PlyCount "64"]
[EventDate "2007.08.22"]
[EventType "team-tourn"]
[EventRounds "6"]
[EventCountry "ESP"]
[SourceTitle "CBM 119 Extra"]
[Source "ChessBase"]
[SourceDate "2007.09.04"]
[SourceVersion "1"]
[SourceVersionDate "2007.09.04"]
[SourceQuality "1"]

1. d4 d5 2. Nc3 Bf5 3. Bg5 c6 4. e3 Nd7 5. Bd3 Bxd3 6. Qxd3 f6 7. Bh4 Qb6 8. Nf3 e6 9. e4 Bd6 10. 0-0-0 Ne7 11. Rhe1 0-0 12. e5 fxe5 13. dxe5 Bb4 14. Ng5 Ng6 15. Bg3 Nc5 16. Qe3 h6 17. Nf3 Ne4 18. Nxe4 Bxe1 19. Qxe1 dxe4 20. Qxe4 Ne7 21. Rd7 Nf5 22. Nd4 Nxd4 23. Rxd4 Rad8 24. Rd6 Qa5 25. Bh4 Rde8 26. f4 Qxa2 27. g4 Qa1+ 28. Kd2 Qxb2 29. Bf6 Rf7 30. Qg6 Kf8 31. Qh7 Qb4+ 32. Ke3 gxf6 0-1

[Event "ESP-chT 1st div South"]
[Site "Santa Cruz de Tenerife"]
[Date "2006.08.24"]
[Round "2"]
[White "Matamoros Franco, Carlos S"]
[Black "Jimenez Villena, Francisco Jose"]
[Result "1-0"]
[WhiteElo "2544"]
[BlackElo "2255"]
[PlyCount "67"]
[EventDate "2006.08.23"]
[EventType "team-tourn"]
[EventRounds "5"]
[EventCountry "ESP"]
[SourceTitle "CBM 113 Extra"]
[Source "ChessBase"]
[SourceDate "2006.09.14"]
[SourceVersion "1"]
[SourceVersionDate "2006.09.14"]
[SourceQuality "1"]

1. c4 b6 2. Nf3 Bb7 3. g3 Bxf3 4. exf3 c5 5. d4 cxd4 6. Qxd4 Nc6 7. Qd1 e6 8. Bg2 Bb4+ 9. Bd2 Rc8 10. 0-0 Nf6 11. f4 0-0 12. Bxb4 Nxb4 13. Qa4 a5 14. Nc3 Qc7 15. b3 d5 16. Nb5 Qe7 17. cxd5 exd5 18. a3 Nc2 19. Rad1 Qc5 20. Rd2 Ne4 21. Bxe4 dxe4 22. Rc1 e3 23. Rdxc2 exf2+ 24. Kf1 Qxc2 25. Rxc2 Rxc2 26. Nd4 Ra2 27. Ne2 Rd8 28. Kxf2 Kf8 29. Kf3 f5 30. Qb5 g6 31. Qxb6 Rd3+ 32. Kf2 Rdd2 33. Qe3 Kf7 34. Kf3 1-0

[Event "ESP-chT"]
[Site "Ciudad Real"]
[Date "2004.08.28"]
[Round "6.7"]
[White "Jimenez Villena, Francisco Jose"]
[Black "Martinez Martin, David"]
[Result "0-1"]
[WhiteElo "2275"]
[BlackElo "2334"]
[PlyCount "43"]
[EventDate "2004.08.23"]
[EventType "team-tourn"]
[EventRounds "6"]
[EventCountry "ESP"]
[SourceTitle "CBM 102 Extra"]
[Source "ChessBase"]
[SourceDate "2004.11.03"]
[SourceVersion "1"]
[SourceVersionDate "2004.11.03"]
[SourceQuality "1"]

1. d4 Nf6 2. c4 g6 3. Nc3 Bg7 4. e4 d6 5. Nf3 0-0 6. h3 Qe8 7. Be3 e5 8. dxe5 dxe5 9. Bc5 Nh5 10. g3 Na6 11. Bxf8 Qxf8 12. Be2 c6 13. Kf1 Nc5 14. Ng5 h6 15. Bxh5 hxg5 16. Bf3 Be6 17. Qe2 Rd8 18. Rd1 Rd3 19. Rxd3 Bxc4 20. Kg2 Nxd3 21. Qd2 Qd8 22. b3 0-1

[Event "La Roda op 31st"]
[Site "La Roda"]
[Date "2004.04.10"]
[Round "6"]
[White "Lopez Martinez, Josep Manuel"]
[Black "Jimenez Villena, Francisco Jose"]
[Result "1/2-1/2"]
[WhiteElo "2440"]
[BlackElo "2270"]
[PlyCount "111"]
[EventDate "2004.04.07"]
[EventType "swiss"]
[EventRounds "9"]
[EventCountry "ESP"]
[SourceTitle "CBM 099 Extra"]
[Source "ChessBase"]
[SourceDate "2004.05.04"]
[SourceVersion "1"]
[SourceVersionDate "2004.05.04"]
[SourceQuality "1"]

1. e4 Nf6 2. e5 Nd5 3. Nc3 Nxc3 4. dxc3 d6 5. Nf3 dxe5 6. Qxd8+ Kxd8 7. Nxe5 Ke8 8. Bb5+ Nd7 9. Bf4 f6 10. Nxd7 Bxd7 11. Bxd7+ Kxd7 12. 0-0-0+ Kc6 13. Bg3 e5 14. f4 exf4 15. Bxf4 Re8 16. b4 g5 17. Bg3 f5 18. b5+ Kxb5 19. Rd5+ Kc6 20. Rxf5 Ba3+ 21. Kb1 Re2 22. Rf6+ Kb5 23. Bxc7 Rhe8 24. Rf5+ Kc4 25. Bg3 R8e6 26. Bf2 Kxc3 27. Rf3+ Kc4 28. Rxa3 Rxf2 29. Ra4+ Kc3 30. Ra3+ Kd2 31. Rd3+ Ke2 32. Rdd1 Rb6+ 33. Kc1 Ke3 34. Rhe1+ Re2 35. Rd3+ Kf2 36. Rxe2+ Kxe2 37. Rd7 h5 38. Rc7 Rb5 39. Rf7 a5 40. a4 Rb4 41. Rf5 Rg4 42. g3 b6 43. Kb2 h4 44. gxh4 gxh4 45. c3 Rxa4 46. Rf6 b5 47. Rf5 b4 48. cxb4 Rxb4+ 49. Kc3 Ra4 50. Kb3 Rg4 51. Rxa5 Kf2 52. Kc3 Kg2 53. Ra2+ Kh3 54. Kd3 Rg2 55. Rxg2 Kxg2 56. Ke2 1/2-1/2

[Event "La Roda op 31st"]
[Site "La Roda"]
[Date "2004.04.08"]
[Round "3"]
[White "Jimenez Villena, Francisco Jose"]
[Black "Rodriguez Costa, Moira"]
[Result "1-0"]
[WhiteElo "2270"]
[BlackElo "2011"]
[PlyCount "105"]
[EventDate "2004.04.07"]
[EventType "swiss"]
[EventRounds "9"]
[EventCountry "ESP"]
[SourceTitle "CBM 099 Extra"]
[Source "ChessBase"]
[SourceDate "2004.05.04"]
[SourceVersion "1"]
[SourceVersionDate "2004.05.04"]
[SourceQuality "1"]

1. d4 c5 2. d5 Nf6 3. c4 b5 4. cxb5 a6 5. bxa6 g6 6. Nc3 Bxa6 7. Nf3 d6 8. g3 Bg7 9. Bg2 Nbd7 10. Rb1 Nb6 11. b3 0-0 12. 0-0 Ne8 13. Bb2 Nc7 14. Nh4 Bb7 15. e4 Bxc3 16. Bxc3 Rxa2 17. Ra1 Qa8 18. Qg4 Nb5 19. Bb2 Nd4 20. Bxd4 cxd4 21. Rxa2 Qxa2 22. Nf5 Qxb3 23. Nxe7+ Kh8 24. Qf4 Kg7 25. Qxd6 Nc4 26. Qc5 d3 27. Qd4+ f6 28. Ra1 d2 29. Bf1 Qb2 30. Qxb2 Nxb2 31. Be2 Re8 32. Rb1 Rxe7 33. Rxb2 Bxd5 34. Rxd2 Bxe4 35. f3 Bb7 36. Kf2 h5 37. f4 Bc8 38. Rd8 Bg4 39. Bf1 Rd7 40. Rxd7+ Bxd7 41. Ke3 g5 42. h4 gxh4 43. gxh4 Kg6 44. Bd3+ Bf5 45. Bb5 Bg4 46. Ke4 Bf5+ 47. Kd4 Bg4 48. Bd3+ Bf5 49. Be4 Bxe4 50. Kxe4 Kf7 51. Kf5 Ke7 52. Kg6 Ke6 53. Kxh5 1-0

[Event "Hastings Challengers 0304"]
[Site "Hastings"]
[Date "2004.01.05"]
[Round "9"]
[White "Howell, David"]
[Black "Jimenez Villena, Francisco Jose"]
[Result "1-0"]
[WhiteElo "2381"]
[BlackElo "2240"]
[PlyCount "67"]
[EventDate "2003.12.28"]
[EventType "swiss"]
[EventRounds "9"]
[EventCountry "ENG"]
[SourceTitle "CBM 098 Extra"]
[Source "ChessBase"]
[SourceDate "2004.03.10"]
[SourceVersion "2"]
[SourceVersionDate "2004.03.10"]
[SourceQuality "1"]

1. e4 Nf6 2. e5 Nd5 3. d4 d6 4. c4 Nb6 5. exd6 cxd6 6. Nc3 g6 7. Be3 Bg7 8. Rc1 0-0 9. b3 e5 10. dxe5 dxe5 11. Qxd8 Rxd8 12. c5 N6d7 13. Bc4 Nc6 14. Nf3 h6 15. Ne4 Na5 16. Be2 Nf8 17. Nd6 Ne6 18. 0-0 Kf8 19. Rfe1 Nc6 20. Bc4 Ke7 21. a3 a6 22. b4 b5 23. Bd5 Bd7 24. Bd2 f6 25. Nh4 Nf8 26. Bc3 Ra7 27. f4 Rc7 28. Nf3 Ne6 29. fxe5 f5 30. Nh4 Nf4 31. e6 Bxc3 32. Rxc3 Nxd5 33. exd7+ Kf8 34. Rg3 1-0

[Event "Benidorm Bali op-A"]
[Site "Benidorm"]
[Date "2003.11.27"]
[Round "8"]
[White "Jimenez Villena, Francisco Jose"]
[Black "Goormachtigh, Johan"]
[Result "1/2-1/2"]
[WhiteElo "2240"]
[BlackElo "2266"]
[PlyCount "78"]
[EventDate "2003.11.21"]
[EventType "swiss"]
[EventRounds "9"]
[EventCountry "ESP"]
[SourceTitle "CBM 097 Extra"]
[Source "ChessBase"]
[SourceDate "2004.01.13"]
[SourceVersion "1"]
[SourceVersionDate "2004.01.13"]
[SourceQuality "1"]

1. d4 Nf6 2. c4 g6 3. Nc3 d5 4. cxd5 Nxd5 5. e4 Nxc3 6. bxc3 c5 7. Bb5+ Bd7 8. Be2 Bg7 9. Nf3 0-0 10. 0-0 Bg4 11. Be3 cxd4 12. cxd4 Nc6 13. d5 Bxf3 14. Bxf3 Bxa1 15. Qxa1 Na5 16. Bh6 f6 17. Bxf8 Kxf8 18. Bg4 Nc4 19. Be6 b5 20. Rc1 Qb8 21. Bd7 a6 22. a4 Qe5 23. axb5 Qxa1 24. Rxa1 a5 25. Bc6 Ra7 26. Kf1 e5 27. Rc1 Nb6 28. d6 a4 29. Ke2 a3 30. Kd3 Ra4 31. Ra1 Kf7 32. Kc3 Ke6 33. Rd1 Rd4 34. Ra1 Ra4 35. d7 Nxd7 36. b6 Ra6 37. Bxd7+ Kxd7 38. b7 Kc7 39. Kb4 a2 1/2-1/2

[Event "ESP-ch op 68th"]
[Site "Burgos"]
[Date "2003.10.30"]
[Round "7"]
[White "Jimenez Villena, Francisco Jose"]
[Black "Gonzalez de la Torre, Santiago"]
[Result "1-0"]
[WhiteElo "2240"]
[BlackElo "2365"]
[PlyCount "97"]
[EventDate "2003.10.24"]
[EventType "swiss"]
[EventRounds "9"]
[EventCountry "ESP"]
[SourceTitle "EXT 2004"]
[Source "ChessBase"]
[SourceDate "2003.11.25"]
[SourceVersion "1"]
[SourceVersionDate "2003.11.25"]
[SourceQuality "1"]

1. d4 d5 2. c4 c6 3. Nf3 Nf6 4. Nc3 e6 5. g3 dxc4 6. Ne5 b5 7. Bg2 Nd5 8. e4 Nxc3 9. bxc3 Bb7 10. Qh5 g6 11. Nxg6 fxg6 12. Qe5 Nd7 13. Qxh8 Qe7 14. h4 Qf7 15. h5 gxh5 16. Bg5 Qg6 17. f4 Kf7 18. Bf3 Bg7 19. Qxa8 Bxa8 20. Bxh5 c5 21. Bxg6+ hxg6 22. a4 b4 23. Rh7 Kg8 24. Rxg7+ Kxg7 25. dxc5 a5 26. Be7 Bxe4 27. c6 Bxc6 28. cxb4 Kf7 29. b5 Kxe7 30. bxc6 Nc5 31. Ke2 Kd6 32. Rc1 Kxc6 33. Rxc4 Kd5 34. Rc1 Nxa4 35. Ra1 Nc5 36. Rxa5 Kd6 37. Kf3 Nd7 38. Rg5 Nf8 39. g4 Ke7 40. Ke4 Kf7 41. Rc5 Nd7 42. Rc8 Nf6+ 43. Kf3 Nd7 44. g5 Ke7 45. Ke4 Kf7 46. Kd4 Ke7 47. Rh8 Nf8 48. Kc5 e5 49. Rxf8 1-0

[Event "ARG-ch 77th"]
[Site "Tres de Febrero"]
[Date "2003.09.11"]
[Round "9"]
[White "Jimenez Villena, Francisco Jose"]
[Black "Torres, Sergio"]
[Result "0-1"]
[WhiteElo "2232"]
[BlackElo "2177"]
[PlyCount "68"]
[EventDate "2003.09.03"]
[EventType "swiss"]
[EventRounds "9"]
[EventCountry "ARG"]
[SourceTitle "CBM 096 Extra"]
[Source "ChessBase"]
[SourceDate "2003.10.22"]
[SourceVersion "2"]
[SourceVersionDate "2003.10.20"]
[SourceQuality "1"]

1. e4 Nf6 2. Nc3 d5 3. e5 Nfd7 4. d4 e6 5. Nce2 c5 6. c3 Nc6 7. f4 b5 8. Nf3 b4 9. Be3 Rb8 10. c4 dxc4 11. d5 exd5 12. Qxd5 Ne7 13. Qxc4 Nb6 14. Qxc5 Nf5 15. Qc6+ Bd7 16. Qe4 Be7 17. Ned4 Nxe3 18. Qxe3 0-0 19. Bd3 Bc5 20. 0-0-0 f5 21. Kb1 Kh8 22. Qc1 Qe7 23. e6 Ba4 24. b3 Nd5 25. Nxf5 Rxf5 26. Bxf5 Nc3+ 27. Kb2 Qf6 28. Ne5 Qxf5 29. Rd5 Nxd5 30. Qxc5 Qxe6 31. bxa4 Nxf4 32. Rd1 Rc8 33. g3 h6 34. Qd6 Rc2+ 0-1

[Event "Pablo Gorbea Memorial 6th"]
[Site "Madrid"]
[Date "2002.09.21"]
[Round "6"]
[White "Jimenez Villena, Francisco Jose"]
[Black "Sprenger, Jan Michael"]
[Result "1/2-1/2"]
[WhiteElo "2219"]
[BlackElo "2426"]
[PlyCount "103"]
[EventDate "2002.09.16"]
[EventType "swiss"]
[EventRounds "9"]
[EventCountry "ESP"]
[SourceTitle "CBM 090 Extra"]
[Source "ChessBase"]
[SourceDate "2002.11.07"]
[SourceVersion "1"]
[SourceVersionDate "2002.11.07"]
[SourceQuality "1"]

1. d4 d5 2. Bg5 g6 3. e3 Bg7 4. Bd3 c5 5. c3 Nd7 6. Nd2 Ngf6 7. Ngf3 0-0 8. 0-0 b6 9. Re1 Bb7 10. e4 cxd4 11. Bxf6 Nxf6 12. Nxd4 e5 13. N4f3 dxe4 14. Nxe4 Nxe4 15. Bxe4 Bxe4 16. Rxe4 Qxd1+ 17. Rxd1 Rfd8 18. Ree1 f5 19. Ng5 Bf6 20. Ne6 Rxd1 21. Rxd1 Kf7 22. Nc7 Rd8 23. Nd5 e4 24. Kf1 Ke6 25. Nc7+ Ke5 26. Rxd8 Bxd8 27. Nb5 a6 28. Nd4 Kd5 29. Ke2 f4 30. f3 Bf6 31. fxe4+ Kxe4 32. Nf3 g5 33. Nd2+ Kf5 34. Kd3 g4 35. a4 h5 36. Nc4 Bd8 37. Nd6+ Ke6 38. Ne4 Kd5 39. b4 Bc7 40. Nd2 f3 41. c4+ Ke6 42. gxf3 Bxh2 43. fxg4 hxg4 44. Ke4 Bc7 45. Nb3 g3 46. Kf3 Ke5 47. Kxg3 Ke4+ 48. Kg4 Kd3 49. c5 Kc4 50. cxb6 Bxb6 51. b5 axb5 52. axb5 1/2-1/2

[Event "Villa de Albox op 3rd"]
[Site "Villa de Albox"]
[Date "2002.07.25"]
[Round "7"]
[White "Komljenovic, Davorin"]
[Black "Jimenez Villena, Francisco Jose"]
[Result "1-0"]
[WhiteElo "2459"]
[BlackElo "2219"]
[PlyCount "64"]
[EventDate "2002.07.22"]
[EventType "swiss"]
[EventRounds "9"]
[EventCountry "ESP"]
[SourceTitle "CBM 089 Extra"]
[Source "ChessBase"]
[SourceDate "2002.09.10"]
[SourceVersion "2"]
[SourceVersionDate "2002.09.10"]
[SourceQuality "1"]

1. Nf3 d5 2. c4 e6 3. g3 Nf6 4. Bg2 Be7 5. 0-0 0-0 6. d4 b6 7. cxd5 exd5 8. Qc2 Bb7 9. Bf4 c5 10. dxc5 bxc5 11. Ne5 Nc6 12. Nxc6 Bxc6 13. Nc3 Qb6 14. Rfd1 Rfd8 15. Bg5 Rab8 16. Bxf6 Bxf6 17. Nxd5 Bxd5 18. Bxd5 Qxb2 19. Qc4 Qxa1 20. Rxa1 Bxa1 21. Bxf7+ Kh8 22. Qxc5 Bd4 23. Qh5 Rf8 24. e3 Bb6 25. Bg6 h6 26. g4 Rbd8 27. g5 Rd2 28. Bf7 Rd7 29. Be6 Rd2 30. Bf7 Rd7 31. Bc4 Rd6 32. h4 Ba5 1-0

[Event "Villa de Albox op 3rd"]
[Site "Villa de Albox"]
[Date "2002.07.23"]
[Round "2"]
[White "Jimenez Villena, Francisco Jose"]
[Black "Movsziszian, Karen"]
[Result "0-1"]
[WhiteElo "2219"]
[BlackElo "2494"]
[PlyCount "67"]
[EventDate "2002.07.22"]
[EventType "swiss"]
[EventRounds "9"]
[EventCountry "ESP"]
[SourceTitle "CBM 089 Extra"]
[Source "ChessBase"]
[SourceDate "2002.09.10"]
[SourceVersion "2"]
[SourceVersionDate "2002.09.10"]
[SourceQuality "1"]

1. d4 g6 2. c4 Bg7 3. e4 d6 4. Nc3 Nf6 5. Nf3 0-0 6. Be2 Nbd7 7. 0-0 e5 8. Re1 c6 9. Bf1 h6 10. Rb1 Nh7 11. dxe5 dxe5 12. b4 Qf6 13. b5 Rd8 14. bxc6 bxc6 15. Be3 Bf8 16. Qa4 a5 17. Red1 Re8 18. Qc2 Bc5 19. Bxc5 Nxc5 20. Rb6 Bg4 21. Nd5 Qd6 22. Nb4 Qe7 23. Nxc6 Qc7 24. Rdb1 Bxf3 25. gxf3 Re6 26. Rb8+ Rxb8 27. Nxb8 Rb6 28. Rxb6 Qxb6 29. Qc3 Qxb8 30. Qxa5 Qd6 31. Qa8+ Kg7 32. a4 Ng5 33. Kg2 Qd1 34. Qd5 0-1

[Event "Hostafrancs op 4th"]
[Site "Barcelona"]
[Date "2002.??.??"]
[Round "?"]
[White "Jimenez Villena, Francisco Jose"]
[Black "Campos Moreno, Javier B"]
[Result "0-1"]
[WhiteElo "2219"]
[BlackElo "2493"]
[PlyCount "72"]
[EventDate "2002.08.30"]
[EventType "swiss"]
[EventRounds "10"]
[EventCountry "ESP"]
[SourceTitle "CBM 090 Extra"]
[Source "ChessBase"]
[SourceDate "2002.11.07"]
[SourceVersion "1"]
[SourceVersionDate "2002.11.07"]
[SourceQuality "1"]

1. d4 Nf6 2. Bg5 Ne4 3. Bf4 c5 4. f3 Qa5+ 5. c3 Nf6 6. Nd2 cxd4 7. Nb3 Qd8 8. cxd4 d5 9. e3 e6 10. Bd3 Bb4+ 11. Nd2 Nc6 12. a3 Ba5 13. Bg5 e5 14. Ne2 0-0 15. b4 Bc7 16. Rc1 a6 17. Bb1 h6 18. Bh4 Qd6 19. Bg3 Qe7 20. 0-0 Nh5 21. Bf2 exd4 22. exd4 Qg5 23. Re1 Bh3 24. g3 Rae8 25. Nf1 g6 26. Qd2 Qf6 27. f4 Bb6 28. Ne3 Qd6 29. Nc3 Nxd4 30. Kh1 Nb3 31. Qxd5 Qxd5+ 32. Ncxd5 Bxe3 33. Rxe3 Nxc1 34. Ne7+ Rxe7 35. Rxe7 Rd8 36. Re1 Nd3 0-1

[Event "Benidorm op U2300 02nd"]
[Site "Benidorm"]
[Date "2002.??.??"]
[Round "3.9"]
[White "Jimenez Villena, Francisco Jose"]
[Black "Taboas Rodriguez, Daniel"]
[Result "0-1"]
[WhiteElo "2231"]
[BlackElo "2298"]
[PlyCount "66"]
[EventDate "2002.11.22"]
[EventType "swiss"]
[EventRounds "9"]
[EventCountry "ESP"]
[SourceTitle "CBM 091 Extra"]
[Source "ChessBase"]
[SourceDate "2003.01.09"]
[SourceVersion "1"]
[SourceVersionDate "2003.01.09"]
[SourceQuality "1"]

1. d4 Nf6 2. Nf3 g6 3. c4 Bg7 4. Nc3 0-0 5. e4 d6 6. Be2 e5 7. 0-0 Nc6 8. d5 Ne7 9. Bg5 h6 10. Bd2 Nd7 11. Ne1 f5 12. f3 f4 13. Nd3 h5 14. Rc1 g5 15. b4 Nf6 16. Nf2 Ng6 17. c5 Rf7 18. cxd6 cxd6 19. a4 Bf8 20. a5 Rg7 21. Nb5 g4 22. fxg4 hxg4 23. Bxg4 Nxg4 24. Nxg4 Nh4 25. h3 Bxg4 26. hxg4 Qd7 27. Qe2 a6 28. Nc7 Rxg4 29. Nxa8 Qg7 30. Rf2 f3 31. Qe3 Nxg2 32. Rxg2 Rxg2+ 33. Kf1 Qh7 0-1